Statistics for U.S. States With Republican Governors

Click here to take the quiz!

General Stats

  • This quiz has been taken 44 times
    (26 since last reset)
  • The average score is 24 of 26

Answer Stats

GovernorAnswer% Correct
Ron DeSantisFlorida
100%
Brian KempGeorgia
100%
Doug BurgumNorth Dakota
100%
Kevin StittOklahoma
100%
Henry McMasterSouth Carolina
100%
Kristi NoemSouth Dakota
100%
Greg AbbottTexas
100%
Kay IveyAlabama
94%
Mike DunleavyAlaska
94%
Sarah Huckabee SandersArkansas
94%
Eric HolcombIndiana
94%
Tate ReevesMississippi
94%
Mike ParsonMissouri
94%
Greg GianforteMontana
94%
Mike DeWineOhio
94%
Mark GordonWyoming
94%
Brad LittleIdaho
88%
Kim ReynoldsIowa
88%
Jim PillenNebraska
88%
Bill LeeTennessee
88%
Spencer CoxUtah
88%
Glenn YoungkinVirginia
88%
Jim JusticeWest Virginia
88%
Joe LombardoNevada
82%
Phil ScottVermont
82%
Chris SununuNew Hampshire
76%

Score Distribution

Percentile by Number Answered

Percent of People with Each Score

Your Score History

You have not taken this quiz since the last reset